书目信息 |
| 题名: |
工业无线传感器网络抗毁性关键技术研究
|
|
| 作者: | 李文锋 , 符修文 著 | |
| 分册: | ||
| 出版信息: | 武汉 华中科技大学出版社 2018 |
|
| 页数: | 204页 | |
| 开本: | 25cm | |
| 丛书名: | 智能制造与机器人理论及技术研究丛书 | |
| 单 册: | ||
| 中图分类: | TB114.2 , TB114 | |
| 科图分类: | ||
| 主题词: | 工业自动控制--无线电通信--传感器--计算机网络--研究 | |
| 电子资源: | ||
| ISBN: | 978-7-5680-3589-7 | |
| 000 | 01342oam2 2200277 450 | |
| 001 | 2242266993 | |
| 005 | 20220929114506.42 | |
| 010 | @a978-7-5680-3589-7@b精装@dCNY128.00 | |
| 100 | @a20181129d2018 em y0chiy50 ea | |
| 101 | 0 | @achi |
| 102 | @aCN@b420000 | |
| 105 | @aa z 000yy | |
| 200 | 1 | @a工业无线传感器网络抗毁性关键技术研究@9gong ye wu xian chuan gan qi wang luo kang hui xing guan jian ji shu yan jiu@f李文锋,符修文著 |
| 210 | @a武汉@c华中科技大学出版社@d2018 | |
| 215 | @a204页@c图@d25cm | |
| 225 | 1 | @a智能制造与机器人理论及技术研究丛书@f丁汉, 孙荣磊总主编 |
| 300 | @a湖北省学术著作出版专项资金资助项目 | |
| 330 | @a本书介绍无线传感器网络(WSNs)已成为各种工业物联网应用中的核心技术。全书共分为十章,主要针对工业无线传感器网络规模化应用的主要技术瓶颈--抗毁性问题,从复杂网络角度出发,对工业无线传感器网络抗毁性能进行系统深入的研究:网络拓扑演化与优化配置机制;负载-容量模型与优化策略;容错路由选择算法;故障检测与诊断方法;基于移动智能体的智能车间数据传输方案。最后,给出了抗毁性仿真测试平台和工程实验系统。 | |
| 461 | 0 | @12001 @a智能制造与机器人理论及技术研究丛书 |
| 606 | 0 | @a工业自动控制@x无线电通信@x传感器@x计算机网络@x研究 |
| 690 | @aTB114.2@v5 | |
| 690 | @aTB114@v4 | |
| 701 | 0 | @a李文锋@9li wen feng@4著 |
| 701 | 0 | @a符修文@9fu xiu wen@4著 |
| 801 | 0 | @aCN@b91MARC@c20181129 |
| 905 | @aZUCC@dTB114@e8 | |
| 工业无线传感器网络抗毁性关键技术研究/李文锋,符修文著.-武汉:华中科技大学出版社,2018 |
| 204页:图;25cm.-(智能制造与机器人理论及技术研究丛书/丁汉, 孙荣磊总主编) |
| 湖北省学术著作出版专项资金资助项目 |
| ISBN 978-7-5680-3589-7(精装):CNY128.00 |
| 本书介绍无线传感器网络(WSNs)已成为各种工业物联网应用中的核心技术。全书共分为十章,主要针对工业无线传感器网络规模化应用的主要技术瓶颈--抗毁性问题,从复杂网络角度出发,对工业无线传感器网络抗毁性能进行系统深入的研究:网络拓扑演化与优化配置机制;负载-容量模型与优化策略;容错路由选择算法;故障检测与诊断方法;基于移动智能体的智能车间数据传输方案。最后,给出了抗毁性仿真测试平台和工程实验系统。 |
| ● |
| 相关链接 |
|
|
|
正题名:工业无线传感器网络抗毁性关键技术研究
索取号:TB114/8
 
预约/预借
| 序号 | 登录号 | 条形码 | 馆藏地/架位号 | 状态 | 备注 |
| 1 | 2000906308 | 2000906308 | 第三书库/ [索取号:TB114/8] | 在馆 | |
| 2 | 2000906309 | 2000906309 | 第三书库/ [索取号:TB114/8] | 在馆 | |
| 3 | 2000906310 | 2000906310 | 第三书库/ [索取号:TB114/8] | 在馆 |